Normal view
MARC view
- Dr. Abdul Qadeer Malik.
Entry Personal Name
001 - CONTROL NUMBER
- control field: 19504
003 - CONTROL NUMBER IDENTIFIER
- control field: NUST
005 - DATE AND TIME OF LATEST TRANSACTION
- control field: 20190826050556.0
008 - FIXED-LENGTH DATA ELEMENTS
- fixed length control field: 190826|| aca||aabn | a|a d
040 ## - CATALOGING SOURCE
- Original cataloging agency: NUST
- Transcribing agency: NUST
100 ## - HEADING--PERSONAL NAME
- Personal name: Dr. Abdul Qadeer Malik.
670 ## - SOURCE DATA FOUND
- Source citation: Work cat.: (NUST): Babar, Zaher-ud-Din 19503, Thermal, kinetic and Morphological studies of available and synthesized pyrotechnic / propellant compositions and their ingredients /, 2015.
